Computing essentials / (Record no. 18606)
[ view plain ]
| 000 -LEADER | |
|---|---|
| fixed length control field | 00709nam a22002532 4500 |
| 001 - CONTROL NUMBER | |
| control field | 0000023447 |
| 003 - CONTROL NUMBER IDENTIFIER | |
| control field | OSt |
| 005 - DATE AND TIME OF LATEST TRANSACTION | |
| control field | 20201112151304.0 |
| 008 - FIXED-LENGTH DATA ELEMENTS--GENERAL INFORMATION | |
| fixed length control field | 121204s xx 000 0 eng d |
| 020 ## - INTERNATIONAL STANDARD BOOK NUMBER | |
| International Standard Book Number | 9781260098563 |
| 040 ## - CATALOGING SOURCE | |
| Original cataloging agency | KABU |
| Transcribing agency | KABU |
| 050 ## - LIBRARY OF CONGRESS CALL NUMBER | |
| Classification number | QA 76.5 |
| Item number | .O44 2019 C.1 |
| 100 1# - MAIN ENTRY--PERSONAL NAME | |
| Personal name | O'Leary, Timothy J. |
| 245 10 - TITLE STATEMENT | |
| Title | Computing essentials / |
| Statement of responsibility, etc. | Timothy J. O'Leary, Linda I. O'Leary. |
| 250 ## - EDITION STATEMENT | |
| Edition statement | intoductory ed. |
| 260 ## - PUBLICATION, DISTRIBUTION, ETC. (IMPRINT) | |
| Place of publication, distribution, etc. | New York : |
| Name of publisher, distributor, etc. | McGraw-Hill, |
| Date of publication, distribution, etc. | 2019. |
| 300 ## - PHYSICAL DESCRIPTION | |
| Extent | xxv, 392 p. |
| 650 #0 - SUBJECT ADDED ENTRY--TOPICAL TERM | |
| Topical term or geographic name as entry element | Computers. |
| 650 #0 - SUBJECT ADDED ENTRY--TOPICAL TERM | |
| Topical term or geographic name as entry element | Electronic data processing. |
| 700 1# - ADDED ENTRY--PERSONAL NAME | |
| Personal name | O'Leary, Linda I. |
| 908 ## - PUT COMMAND PARAMETER (RLIN) | |
| Put command parameter | 121204 |
| 942 ## - ADDED ENTRY ELEMENTS (KOHA) | |
| Source of classification or shelving scheme | Library of Congress Classification |
| Koha item type | General Collection |
| Withdrawn status | Lost status | Source of classification or shelving scheme | Not for loan | Home library | Current library | Date acquired | Cost, normal purchase price | Inventory number | Total Checkouts | Full call number | Barcode | Date last seen | Date last checked out | Copy number | Price effective from | Koha item type | Total Renewals |
|---|---|---|---|---|---|---|---|---|---|---|---|---|---|---|---|---|---|
| Library of Congress Classification | Kabarak, Main Campus | Kabarak, Main Campus | 12/11/2020 | 4216.00 | 2020/0999 | 3 | QA 76.5 .O44 2019 C.1 | 029874 | 28/11/2025 | 13/11/2025 | c.1 | 12/11/2020 | General Collection | ||||
| Library of Congress Classification | Kabarak, Main Campus | Kabarak, Main Campus | 12/11/2020 | 4216.00 | 2020/0997 | 2 | QA 76.5 .O44 2019 C.2 | 029875 | 28/11/2025 | 13/11/2025 | c.2 | 12/11/2020 | General Collection | 1 | |||
| Library of Congress Classification | Kabarak, Nakuru City Campus | Kabarak, Nakuru City Campus | 12/11/2020 | 4216.00 | 2020/0998 | QA 76.5 .O44 2019 C.1 | 029876 | 12/11/2020 | c.1 | 12/11/2020 | General Collection |